000 00397nam a22001697a 4500
005 20160701135113.0
008 160701b xxu||||| |||| 00| 0 eng d
020 _a978-81-204-1786-1
041 _aeng
082 _b20572
100 _aReddy, S Subba & Other
_93410
245 _aAgricultural Economics
260 _bOxford
_c2016
300 _a689
650 _aAgriculture
_92837
942 _cBK
999 _c5093
_d5091